Zákon o hospodárskej arbitráži a s ním súvisiace predpisy

Enregistré dans:
Détails bibliographiques
Auteur principal: Svitavský, Karel
Format: Livre
Langue:slovaque
Publié: Bratislava Obzor 1967
Tags: Ajouter un tag
Pas de tags, Soyez le premier à ajouter un tag!

MARC

LEADER 00000nam a2200000 4500
001 c122730
005 20221220103017.8
041 0 |a slo 
044 |a SK 
245 1 0 |a Zákon o hospodárskej arbitráži a s ním súvisiace predpisy  |c Karel Svitavský 
264 1 |a Bratislava  |b Obzor  |c 1967 
300 |a 472 s. 
100 1 |a Svitavský, Karel